Contemporary theories in the sociology of education /

Bibliographic Details
Main Author: Demaine, Jack
Format: Book
Language:English
Published: London : Macmillan, 1981.
Subjects:

MARC

Tag First Indicator Second Indicator Subfields
LEADER 00000cam a2200000 a 4500
001 in00000515621
005 20151013073933.0
008 810826s1981 enk b 00110 eng d
020 |a 0333234480 
035 |a (OCoLC)07702384 
035 |9 ACE6181AM 
040 |a UIU  |c UIU  |d TXA  |d UtOrBLW 
049 |a TXAM  |c [1389283] 
090 |a LC191  |b .D45 1981 
092 |a 370.19  |b D39c 
100 1 |a Demaine, Jack. 
245 1 0 |a Contemporary theories in the sociology of education /  |c Jack Demaine. 
264 1 |a London :  |b Macmillan,  |c 1981. 
300 |a 173 pages ;  |c 23 cm. 
336 |a text  |b txt  |2 rdacontent 
337 |a unmediated  |b n  |2 rdamedia 
338 |a volume  |b nc  |2 rdacarrier 
500 |a Includes index. 
504 |a Bibliography: pages 161-168. 
650 0 |a Educational sociology. 
999 |a MARS 
999 f f |s 3075ba39-d70b-3620-bf1d-98be695845ea  |i 130079fc-242e-3356-b986-2e126fc6611e  |t 0 
952 f f |p normal  |a Texas A&M University  |b College Station  |c Sterling C. Evans Library  |d Evans: Library Stacks  |t 0  |e LC191 .D45 1981  |h Library of Congress classification  |i unmediated -- volume  |m A14807885814 
998 f f |a LC191 .D45 1981  |t 0  |l Evans: Library Stacks